000 00427nam a2200181Ia 4500
001 13900
005 20260306164835.0
008 260306t2007||||xx |||||||||||||| ||spa||
041 _aESP
082 _a005.43L
_bA24
100 _aAdelstein, Tom
_eAUT
245 0 _aAdministración de sistemas Linux
260 _c2007
300 _a336 páginas :
_c22 cm.
650 _aGEN
654 _aCCC
942 _cLIB
_dJUS
_fJUS
_2ddc
_n
999 _c13900
_d13900